[Event "Nordstrand GP Langsjakk 2016, Åpent Oslomesterskap"]
[Site "Lambertseter gård"]
[Date "2016.04.15"]
[Round "1"]
[White "Harstad, Christian"]
[Black "Getz, Nicolai"]
[Result "1/2-1/2"]
[WhiteElo "1963"]
[BlackElo "2408"]
[PlyCount "99"]
[EventDate "2016.??.??"]

1. d4 Nf6 2. c4 d6 3. Nc3 Nbd7 4. e4 e5 5. d5 Nc5 6. f3 a5 7. Be3 Bd7 8. Qd2 h5
9. Nge2 Be7 10. Nc1 h4 11. Nd3 Nxd3+ 12. Bxd3 Nh5 13. O-O-O g6 14. Kb1 Nf4 15.
Bc2 h3 16. g3 Ng2 17. f4 Bf6 18. Rhf1 Qe7 19. Rf2 Bg7 20. Rdf1 Bh6 21. Nd1 Nxe3
22. Qxe3 O-O 23. Qf3 exf4 24. gxf4 Bg7 25. f5 Qh4 26. Rg1 Rae8 27. Rg3 Qf6 28.
Rxh3 gxf5 29. Qh5 Qg6 30. Rg2 Qxh5 31. Rxh5 f6 32. exf5 Re1 33. Kc1 Rfe8 34.
Kd2 R8e5 35. Rh3 Kf8 36. Rh7 Re7 37. Rhxg7 Rxd1+ 38. Kxd1 Rxg7 39. Rg6 Rxg6 40.
fxg6 Kg7 41. Kd2 f5 42. Ke3 Kxg6 43. Kf4 Kf6 44. h4 b6 45. b3 Kg6 46. a3 Kf6
47. Bd3 Kg6 48. Bc2 Kf6 49. Bd3 Kg6 50. Bc2
1/2-1/2

[Event "Nordstrand GP Langsjakk 2016, Åpent Oslomesterskap"]
[Site "Lambertseter gård"]
[Date "2016.04.15"]
[Round "1"]
[White "Kovachev, Daniel Jakobsen"]
[Black "Vestby-Ellingsen, Mads"]
[Result "1-0"]
[WhiteElo "2297"]
[BlackElo "1961"]
[PlyCount "101"]
[EventDate "2016.??.??"]

1. e4 e5 2. Nf3 Nc6 3. Bb5 a6 4. Bxc6 dxc6 5. O-O Bg4 6. h3 h5 7. d3 Qf6 8.
Nbd2 g5 9. Nc4 Bxf3 10. Qxf3 Qxf3 11. gxf3 f6 12. Be3 O-O-O 13. Rfd1 Rh7 14.
Kf1 h4 15. c3 c5 16. a3 Rhd7 17. Ke2 b6 18. b4 cxb4 19. axb4 Kb7 20. Ra2 Ne7
21. d4 exd4 22. Rxd4 Ng6 23. Rxd7 Rxd7 24. Ra1 Be7 25. Rg1 Rd8 26. f4 Rg8 27.
f5 Ne5 28. Nxe5 fxe5 29. f4 exf4 30. Bxf4 Bf6 31. Bd2 Kc6 32. Kd3 Rd8+ 33. Kc2
Re8 34. Rg4 Re7 35. Be3 Kd6 36. Bd4 Rf7 37. Kd3 Rf8 38. Bxf6 Rxf6 39. Rxg5 Ke5
40. Ke3 Rh6 41. Rg8 Rh7 42. Re8+ Kf6 43. Re6+ Kf7 44. Kf4 Rg7 45. Rc6 Kf8 46.
f6 Rg3 47. Rxc7 Rxh3 48. e5 Rd3 49. e6 Ke8 50. Rc8+ Rd8 51. f7+
1-0

[Event "Nordstrand GP Langsjakk 2016, Åpent Oslomesterskap"]
[Site "Lambertseter gård"]
[Date "2016.04.15"]
[Round "1"]
[White "Sømhovd, Ivar"]
[Black "Kvisla, Johannes Luangtep"]
[Result "1/2-1/2"]
[WhiteElo "1942"]
[BlackElo "2281"]
[PlyCount "128"]
[EventDate "2016.??.??"]

1. e4 e5 2. Nf3 Nc6 3. d4 exd4 4. Nxd4 Nf6 5. Nxc6 bxc6 6. e5 Qe7 7. Qe2 Nd5 8.
c4 Nb6 9. b3 a5 10. a3 Ba6 11. Nd2 Qe6 12. Bb2 Be7 13. Qe4 Rb8 14. c5 Bxf1 15.
cxb6 Ba6 16. bxc7 Rc8 17. Qa4 Rxc7 18. Qxa5 Ra7 19. Nc4 d5 20. Qb6 Ra8 21. Nd6+
Bxd6 22. Qxc6+ Ke7 23. Qxd6+ Qxd6 24. exd6+ Kxd6 25. O-O-O Rhe8 26. Rde1 f6 27.
Kd2 Reb8 28. Re3 Re8 29. Rxe8 Rxe8 30. Re1 Rb8 31. Re3 Bf1 32. g3 Bh3 33. Bd4
Ra8 34. Rc3 Bd7 35. Bc5+ Kc6 36. Bf8+ Kb7 37. Bxg7 Rxa3 38. Bxf6 Bf5 39. Ke3
Ra6 40. Be5 Ra2 41. h4 Kb6 42. Bd4+ Kb7 43. Be5 Kb6 44. Bd4+ Kb7 45. Rc5 Be6
46. Kf4 Rd2 47. Be3 Rb2 48. Ke5 Bf7 49. Rc3 Rb1 50. Bc5 Rd1 51. b4 Ka6 52. Rf3
Bg6 53. Rf4 Be4 54. f3 Bc2 55. Rd4 Rf1 56. Kxd5 Rxf3 57. g4 Kb5 58. g5 Bg6 59.
Ke5 Rf5+ 60. Ke6 Rf1 61. Ke5 Rf5+ 62. Ke6 Rf1 63. Ke7 Rf7+ 64. Ke6 Rf1
1/2-1/2

[Event "Nordstrand GP Langsjakk 2016, Åpent Oslomesterskap"]
[Site "Lambertseter gård"]
[Date "2016.04.15"]
[Round "1"]
[White "Skrondal, Inge Sandstad"]
[Black "Staunsbjerg, Valdemar A"]
[Result "1-0"]
[WhiteElo "2270"]
[BlackElo "1922"]
[PlyCount "41"]
[EventDate "2016.??.??"]

1. d4 Nf6 2. Nf3 d5 3. c4 c6 4. Nc3 Bf5 5. cxd5 cxd5 6. Qb3 Qb6 7. Nxd5 Nxd5 8.
Qxd5 e6 9. Qb3 Nc6 10. Bd2 Bb4 11. e3 a5 12. Be2 a4 13. Qd1 O-O 14. O-O Rfc8
15. Rc1 h6 16. Bc3 a3 17. Qb3 axb2 18. Qxb2 Qa5 19. Bxb4 Qxb4 20. Qb3 Be4 21.
Rxc6
1-0

[Event "Nordstrand GP Langsjakk 2016, Åpent Oslomesterskap"]
[Site "Lambertseter gård"]
[Date "2016.04.15"]
[Round "1"]
[White "Egeland, Finn"]
[Black "Haug, Johannes"]
[Result "0-1"]
[WhiteElo "1912"]
[BlackElo "2244"]
[PlyCount "124"]
[EventDate "2016.??.??"]

1. e4 c6 2. c4 d5 3. cxd5 cxd5 4. exd5 Nf6 5. Nc3 Nxd5 6. Nf3 Nc6 7. Bb5 e6 8.
O-O Be7 9. d4 O-O 10. Re1 Nf6 11. a3 a6 12. Bd3 b5 13. Bg5 Bb7 14. Bc2 Rc8 15.
Qd3 g6 16. Bh6 Re8 17. Rad1 Na5 18. Ne5 Bf8 19. Bxf8 Kxf8 20. Qe3 Kg7 21. Bd3
Qd6 22. Qf4 Red8 23. Be4 Rc7 24. Bxb7 Rxb7 25. Qf3 Rc7 26. g4 h6 27. h4 Nc6 28.
g5 hxg5 29. hxg5 Nh5 30. Nxc6 Qxc6 31. Qxc6 Rxc6 32. d5 exd5 33. Rxd5 Rxd5 34.
Nxd5 Rd6 35. Nc7 Rc6 36. Re7 Nf4 37. Kh2 Nd3 38. Ne8+ Kf8 39. Rc7 Rxc7 40. Nxc7
Nxb2 41. Nxa6 Nc4 42. Kg3 Nxa3 43. Kf4 Ke7 44. Ke4 Kd6 45. f4 Nc4 46. f5 Na5
47. Nb4 Nc6 48. Nd3 b4 49. fxg6 fxg6 50. Nf4 b3 51. Kd3 Nb4+ 52. Kc3 Nd5+ 53.
Nxd5 Kxd5 54. Kxb3 Ke4 55. Kc2 Kf4 56. Kd2 Kxg5 57. Ke3 Kh4 58. Kf2 Kh3 59. Kg1
g5 60. Kh1 g4 61. Kg1 Kg3 62. Kh1 Kf2
0-1

[Event "Nordstrand GP Langsjakk 2016, Åpent Oslomesterskap"]
[Site "Lambertseter gård"]
[Date "2016.04.15"]
[Round "1"]
[White "Kulikov, Evgeny"]
[Black "Lund, Gunnar"]
[Result "1-0"]
[WhiteElo "2241"]
[BlackElo "1907"]
[PlyCount "53"]
[EventDate "2016.??.??"]

1. e4 e5 2. Nf3 Nc6 3. Bb5 f5 4. d3 Bc5 5. Nc3 d6 6. Bg5 Nf6 7. Nd5 Be6 8. Qd2
Bxd5 9. exd5 a6 10. Bxc6+ bxc6 11. dxc6 O-O 12. O-O Qe8 13. b4 Bb6 14. Qc3 Qg6
15. Be3 Bxe3 16. fxe3 Kh8 17. Rae1 Qh5 18. a4 g5 19. d4 Ne4 20. Qd3 g4 21. Nd2
g3 22. h3 Nf2 23. Qc3 e4 24. d5+ Kg8 25. Nb3 f4 26. exf4 Rxf4 27. Qxg3+
1-0

[Event "Nordstrand GP Langsjakk 2016, Åpent Oslomesterskap"]
[Site "Lambertseter gård"]
[Date "2016.04.15"]
[Round "1"]
[White "Smeby, Ole"]
[Black "Solberg, Joachim"]
[Result "1/2-1/2"]
[WhiteElo "1882"]
[BlackElo "2240"]
[PlyCount "104"]
[EventDate "2016.??.??"]

1. d4 Nf6 2. c4 e6 3. Nf3 d5 4. e3 c5 5. cxd5 exd5 6. Bb5+ Nc6 7. O-O Bd6 8.
dxc5 Bxc5 9. Qc2 Qb6 10. Nc3 O-O 11. Bd3 Nb4 12. Na4 Nxc2 13. Nxb6 Bxb6 14.
Bxc2 Be6 15. Bd3 Rac8 16. Bd2 Ne4 17. Bb4 Rfd8 18. Rac1 a5 19. Be7 Re8 20. Ba3
f6 21. Bb5 Red8 22. Be7 Rxc1 23. Rxc1 Rc8 24. Rxc8+ Bxc8 25. Kf1 Kf7 26. Ba3 g5
27. Ke2 Bc7 28. h3 g4 29. hxg4 Bxg4 30. Ke1 Nd6 31. Bd3 Nc4 32. Bxh7 Bxf3 33.
gxf3 Be5 34. f4 Bxb2 35. Bxb2 Nxb2 36. Kd2 Ke6 37. Bc2 Nc4+ 38. Kd3 b5 39. Kd4
Kd6 40. f3 Nd2 41. Bd1 f5 42. Kd3 Nc4 43. Kd4 a4 44. e4 fxe4 45. fxe4 dxe4 46.
Be2 Na3 47. Kxe4 b4 48. Bd3 b3 49. axb3 axb3 50. Kd4 b2 51. Kc3 b1=Q 52. Bxb1
Nxb1+
1/2-1/2

[Event "Nordstrand GP Langsjakk 2016, Åpent Oslomesterskap"]
[Site "Lambertseter gård"]
[Date "2016.04.15"]
[Round "1"]
[White "Tryggestad, Andreas G"]
[Black "Nilsen, Tobias Lang"]
[Result "1-0"]
[WhiteElo "2198"]
[BlackElo "1867"]
[PlyCount "71"]
[EventDate "2016.??.??"]

1. e4 c5 2. c3 e6 3. d4 d5 4. exd5 exd5 5. Nf3 Nc6 6. Bb5 a6 7. Bxc6+ bxc6 8.
O-O Nf6 9. Re1+ Be7 10. dxc5 O-O 11. Be3 Ne4 12. b4 a5 13. Bd4 Bg4 14. h3 Bh5
15. Qd3 Bg6 16. Qe3 Re8 17. Nbd2 axb4 18. cxb4 Bf6 19. Nb3 Qc7 20. Bxf6 Nxf6
21. Qd2 Ne4 22. Qd4 Bh5 23. Nfd2 Rad8 24. a4 f5 25. b5 cxb5 26. axb5 f4 27. c6
Qf7 28. f3 Ng5 29. Qf2 Qg6 30. Kh2 d4 31. c7 Rc8 32. Rxe8+ Qxe8 33. b6 Qc6 34.
Qxd4 Ne6 35. Qe4 Qxb6 36. Ra8
1-0

[Event "Nordstrand GP Langsjakk 2016, Åpent Oslomesterskap"]
[Site "Lambertseter gård"]
[Date "2016.04.15"]
[Round "1"]
[White "Kvendseth, Cornelius"]
[Black "Ranaldi, Lucas"]
[Result "0-1"]
[WhiteElo "1865"]
[BlackElo "2186"]
[PlyCount "58"]
[EventDate "2016.??.??"]

1. Nf3 Nf6 2. d4 g6 3. g3 Bg7 4. Bg2 O-O 5. O-O d6 6. c4 c6 7. Nc3 Qa5 8. e4
Bg4 9. Qb3 Nbd7 10. Be3 Rab8 11. Nd2 Qh5 12. Rfe1 Bh3 13. Bh1 Ng4 14. Ne2 Nxe3
15. Nf4 Qh6 16. Qxe3 c5 17. Nb3 cxd4 18. Qf3 e5 19. Nd5 Be6 20. Rac1 Bxd5 21.
cxd5 Rbc8 22. Qd3 a6 23. Bf3 Qg5 24. h4 Qe7 25. Qd2 Nc5 26. Nxc5 dxc5 27. Qa5
Qd6 28. b3 Bh6 29. Rcd1 b5
0-1

[Event "Nordstrand GP Langsjakk 2016, Åpent Oslomesterskap"]
[Site "Lambertseter gård"]
[Date "2016.04.15"]
[Round "1"]
[White "Al-Tarbosh, Ward"]
[Black "Pettersen, Johan"]
[Result "1/2-1/2"]
[WhiteElo "2159"]
[BlackElo "1855"]
[PlyCount "100"]
[EventDate "2016.??.??"]

1. e4 e6 2. d4 d5 3. exd5 exd5 4. Bd3 Bd6 5. Nc3 c6 6. Nge2 Nf6 7. Bg5 O-O 8.
Qd2 b5 9. Ng3 Re8+ 10. Nce2 a5 11. Nf5 Bf8 12. Qf4 Bxf5 13. Qxf5 Nbd7 14. O-O
g6 15. Qh3 Bg7 16. f4 Qb6 17. f5 c5 18. fxg6 hxg6 19. dxc5 Nxc5 20. Kh1 Nxd3
21. Qxd3 Ng4 22. Qf3 Qe6 23. Nf4 Qf5 24. Qxd5 Bxb2 25. Qxf5 gxf5 26. Rab1 Bd4
27. Nd3 Rac8 28. Rxf5 Rxc2 29. Rf4 Nf2+ 30. Nxf2 Bxf2 31. h3 b4 32. Rb3 Re1+
33. Kh2 Bg1+ 34. Kg3 Rxa2 35. Rbf3 Re3 36. Rxf7 Rxf3+ 37. Rxf3 a4 38. Bf6 b3
39. Rf1 Bc5 40. Kf3 a3 41. Ke4 b2 42. Kd5 Ra1 43. Rxa1 bxa1=Q 44. Bxa1 Bf8 45.
Kc4 Kh7 46. Kb3 Kg6 47. Bd4 Kf5 48. Be3 Be7 49. Bc1 Ke4 50. Bxa3 Bh4
1/2-1/2

[Event "Nordstrand GP Langsjakk 2016, Åpent Oslomesterskap"]
[Site "Lambertseter gård"]
[Date "2016.04.15"]
[Round "1"]
[White "Robertsen, Bjørn"]
[Black "Pena-Riascos, Alexander M"]
[Result "0-1"]
[WhiteElo "1855"]
[BlackElo "2110"]
[PlyCount "50"]
[EventDate "2016.??.??"]

1. d4 d5 2. c4 c6 3. Nf3 Nf6 4. Nc3 dxc4 5. a4 Bf5 6. Ne5 Nbd7 7. Nxc4 Qc7 8.
g3 e5 9. dxe5 Nxe5 10. Bf4 Rd8 11. Qc1 Bd6 12. Bxe5 Bxe5 13. Qe3 Ng4 14. Qg5
Be6 15. Nxe5 Qxe5 16. Qxe5 Nxe5 17. Bg2 a5 18. O-O Ke7 19. b3 Rd4 20. f4 Nd7
21. Rfb1 Nc5 22. Ra3 Rhd8 23. e3 Rb4 24. Na2 Rxb3 25. Rbxb3 Bxb3
0-1

[Event "Nordstrand GP Langsjakk 2016, Åpent Oslomesterskap"]
[Site "Lambertseter gård"]
[Date "2016.04.15"]
[Round "1"]
[White "Jakobsen, Kjetil Ansgar"]
[Black "Sjøberg, Isak"]
[Result "1-0"]
[WhiteElo "2089"]
[BlackElo "1843"]
[PlyCount "61"]
[EventDate "2016.??.??"]

1. e4 e5 2. f4 d5 3. exd5 c6 4. Nf3 exf4 5. d4 Bd6 6. dxc6 Nxc6 7. Be2 Nge7 8.
O-O O-O 9. c4 Bf5 10. a3 a5 11. Nc3 Ng6 12. Kh1 Re8 13. c5 Bb8 14. d5 Nce5 15.
Nd4 Bc8 16. Bf3 Nxf3 17. Qxf3 Qh4 18. d6 Bg4 19. Qxb7 Ra7 20. Qb5 Rf8 21. Nd5
f3 22. Nxf3 Bxf3 23. Rxf3 Ne5 24. Ne7+ Kh8 25. Rf1 Ng4 26. Bf4 Nf2+ 27. Kg1
Qxf4 28. Rxf2 Qe4 29. Rxf7 Rd8 30. Raf1 h6 31. Qb3
1-0

[Event "Nordstrand GP Langsjakk 2016, Åpent Oslomesterskap"]
[Site "Lambertseter gård"]
[Date "2016.04.15"]
[Round "1"]
[White "Enersen, Eirik S"]
[Black "Reppen, Sigmund"]
[Result "1-0"]
[WhiteElo "1837"]
[BlackElo "2022"]
[PlyCount "127"]
[EventDate "2016.??.??"]

1. e4 e5 2. Nf3 Nc6 3. Nc3 Nf6 4. Bb5 d6 5. O-O Bg4 6. d3 a6 7. Bxc6+ bxc6 8.
h3 Bh5 9. Re1 Qc8 10. Bg5 Be7 11. Re3 h6 12. Bxf6 Bxf6 13. Ne2 Rb8 14. b3 c5
15. Ng3 Bg6 16. Re1 O-O 17. Nh2 Bh4 18. Qg4 Qxg4 19. Nxg4 Bxg3 20. fxg3 f5 21.
Nh2 fxe4 22. dxe4 Rb4 23. c4 a5 24. Nf3 a4 25. Nd2 Rb6 26. Re3 Ra8 27. Rae1
axb3 28. axb3 Ra2 29. R1e2 Rb2 30. Kf2 Ra6 31. Nf3 Raa2 32. Rxb2 Rxb2+ 33. Kg1
Be8 34. Kf1 g5 35. g4 Kf7 36. Rd3 Bc6 37. Nd2 Ke7 38. Ke1 Ra2 39. Re3 Ra8 40.
Kf2 Rf8+ 41. Rf3 Rf4 42. Ke3 Be8 43. g3 Rxf3+ 44. Kxf3 c6 45. Nb1 Bf7 46. Nc3
Be6 47. h4 Kd7 48. Nd1 d5 49. Ne3 dxc4 50. bxc4 Bf7 51. Nf5 gxh4 52. Nxh6 Bxc4
53. gxh4 Bb3 54. Ke3 Bd1 55. g5 Bh5 56. Nf5 c4 57. Ng3 Bg4 58. h5 Ke7 59. Kd2
Kf7 60. Kc3 Bxh5 61. Nxh5 Kg6 62. Nf6 Kxg5 63. Nd7 Kf4 64. Nc5
1-0

[Event "Nordstrand GP Langsjakk 2016, Åpent Oslomesterskap"]
[Site "Lambertseter gård"]
[Date "2016.04.15"]
[Round "1"]
[White "Rukovci, Shemsi"]
[Black "Svanholm, Børge W"]
[Result "1-0"]
[WhiteElo "2011"]
[BlackElo "1826"]
[PlyCount "75"]
[EventDate "2016.??.??"]

1. e4 e6 2. d4 d5 3. e5 c5 4. c3 Nc6 5. Nf3 Bd7 6. Bd3 Nge7 7. O-O Ng6 8. Be3
cxd4 9. cxd4 Qb6 10. Nc3 Nb4 11. Be2 Be7 12. g3 O-O 13. h4 f6 14. a3 Nc6 15. h5
Nh8 16. g4 Nf7 17. Bd3 Ng5 18. Nxg5 fxg5 19. b4 Qd8 20. Qb3 Be8 21. Ne2 Rc8 22.
Kg2 Kh8 23. f4 gxf4 24. Nxf4 Bf7 25. Rh1 Bg5 26. Raf1 Bxf4 27. Rxf4 Bg8 28.
Rxf8 Qxf8 29. h6 g6 30. Rf1 Bf7 31. b5 Ne7 32. b6 a6 33. Qb2 Qe8 34. Bg5 Kg8
35. Qf2 Nc6 36. Qf6 Qf8 37. Bxg6 hxg6 38. h7+
1-0

[Event "Nordstrand GP Langsjakk 2016, Åpent Oslomesterskap"]
[Site "Lambertseter gård"]
[Date "2016.04.15"]
[Round "1"]
[White "Ingebretsen, Jens E"]
[Black "Nordquelle, Daniel"]
[Result "0-1"]
[WhiteElo "1821"]
[BlackElo "1997"]
[PlyCount "60"]
[EventDate "2016.??.??"]

1. e4 e6 2. d4 d5 3. Nd2 Be7 4. Ngf3 c5 5. exd5 exd5 6. c3 Nf6 7. Bd3 Bg4 8.
O-O O-O 9. Qa4 c4 10. Bb1 Nbd7 11. Ne5 Nxe5 12. dxe5 Nd7 13. h3 Be2 14. Re1 Nc5
15. Qc2 Bd3 16. Qd1 Bxb1 17. Rxb1 Bg5 18. Qg4 Nd3 19. Re2 Re8 20. Qd4 f6 21. e6
Nf4 22. Re1 Nxe6 23. Qg4 Nf4 24. Rxe8+ Qxe8 25. Qf3 Ne2+ 26. Kh1 Nxc1 27. Rxc1
Rd8 28. Qd1 d4 29. Nxc4 Bxc1 30. Qxc1 Qe2
0-1

[Event "Nordstrand GP Langsjakk 2016, Åpent Oslomesterskap"]
[Site "Lambertseter gård"]
[Date "2016.04.15"]
[Round "1"]
[White "Støre, Trond"]
[Black "Lund, Eyvind"]
[Result "1-0"]
[WhiteElo "1988"]
[BlackElo "1816"]
[PlyCount "91"]
[EventDate "2016.??.??"]

1. d4 e6 2. Nf3 b6 3. g3 Bb7 4. Bg2 f5 5. O-O Nf6 6. c4 Be7 7. Nc3 O-O 8. Bf4
h6 9. d5 Qc8 10. Nb5 Na6 11. d6 cxd6 12. Nxd6 Bxd6 13. Bxd6 Re8 14. Rc1 Nc5 15.
b3 a5 16. Nd4 Bxg2 17. Kxg2 Qb7+ 18. Kg1 Kh7 19. Nb5 Rg8 20. f3 g5 21. Qd4 Rg6
22. Bxc5 bxc5 23. Qxc5 Rag8 24. Rcd1 h5 25. Qa7 Qc6 26. Nd4 Qc8 27. Nxe6 Qe8
28. Nd4 f4 29. Kh1 g4 30. Nf5 h4 31. Nxh4 Rh6 32. Nf5 fxg3 33. Nxg3 gxf3 34.
Rxf3 Qe5 35. Qd4 Qg5 36. Rdf1 Rgg6 37. Qf4 Qc5 38. e4 Kh8 39. e5 Nh7 40. Nf5
Rh5 41. Rg3 Rhg5 42. Rxg5 Rxg5 43. Nd6 Qc6+ 44. Qf3 Qxf3+ 45. Rxf3 Kg8 46. Rg3
1-0

[Event "Nordstrand GP Langsjakk 2016, Åpent Oslomesterskap"]
[Site "Lambertseter gård"]
[Date "2016.04.15"]
[Round "1"]
[White "Afsari-Rad, Aidin"]
[Black "Omtvedt, Per"]
[Result "1/2-1/2"]
[WhiteElo "1762"]
[BlackElo "1973"]
[PlyCount "73"]
[EventDate "2016.??.??"]

1. e4 Nf6 2. e5 Nd5 3. d4 d6 4. c4 Nb6 5. Nf3 Bg4 6. exd6 exd6 7. Be2 Be7 8.
O-O O-O 9. Bf4 Bf6 10. Nbd2 Re8 11. Re1 Nc6 12. d5 Ne7 13. Qb3 Ng6 14. Be3 c5
15. dxc6 bxc6 16. h3 Bxf3 17. Nxf3 Rb8 18. Qc2 Qc7 19. Bd3 Nd7 20. Bd4 Nde5 21.
Nxe5 Bxe5 22. Bxe5 dxe5 23. Rad1 Rbd8 24. Bf5 Nf8 25. Rxd8 Rxd8 26. Rd1 Rd4 27.
Rxd4 exd4 28. c5 g6 29. Bg4 Qa5 30. a3 Ne6 31. Bxe6 Qe1+ 32. Kh2 Qxe6 33. Kg1
Qe1+ 34. Kh2 Qe5+ 35. Kg1 Qe1+ 36. Kh2 Qe5+ 37. Kg1
1/2-1/2

[Event "Nordstrand GP Langsjakk 2016, Åpent Oslomesterskap"]
[Site "Lambertseter gård"]
[Date "2016.04.15"]
[Round "2"]
[White "Getz, Nicolai"]
[Black "Sømhovd, Ivar"]
[Result "1-0"]
[WhiteElo "2408"]
[BlackElo "1942"]
[PlyCount "71"]
[EventDate "2016.??.??"]

1. e4 c5 2. Nf3 g6 3. d4 cxd4 4. Qxd4 Nf6 5. Nc3 Nc6 6. Qa4 Bg7 7. e5 Ng8 8.
Bf4 f6 9. exf6 Nxf6 10. O-O-O O-O 11. Bc4+ Kh8 12. Bb5 a6 13. Rhe1 Ra7 14. Bxc6
bxc6 15. Bg5 Rb7 16. Nd4 Nd5 17. Nxd5 cxd5 18. Bxe7 Qb6 19. Nb3 Rg8 20. Qh4 a5
21. Bc5 Qf6 22. Qxf6 Bxf6 23. Bd4 Bxd4 24. Rxd4 Rb5 25. Ra4 Bb7 26. Rxa5 Rb4
27. f3 Rc8 28. Rc5 Ra8 29. Na5 Bc6 30. Nxc6 dxc6 31. Rxc6 Rxa2 32. Re7 Rb8 33.
Rcc7 Raxb2 34. Rxh7+ Kg8 35. Rcg7+ Kf8 36. Rxg6
1-0

[Event "Nordstrand GP Langsjakk 2016, Åpent Oslomesterskap"]
[Site "Lambertseter gård"]
[Date "2016.04.15"]
[Round "2"]
[White "Pena-Riascos, Alexander M"]
[Black "Kovachev, Daniel Jakobsen"]
[Result "0-1"]
[WhiteElo "2110"]
[BlackElo "2297"]
[PlyCount "80"]
[EventDate "2016.??.??"]

1. e4 e6 2. d4 d5 3. Nc3 Nf6 4. e5 Nfd7 5. Qg4 c5 6. dxc5 Nxe5 7. Qg3 Nbc6 8.
Be3 Bd7 9. O-O-O Qa5 10. f4 Ng6 11. Nf3 Bxc5 12. Bxc5 Qxc5 13. f5 exf5 14. Rxd5
Qe3+ 15. Kb1 Be6 16. Rd6 Qf4 17. Qxf4 Nxf4 18. g3 Ng6 19. Bb5 Ke7 20. Rhd1 Rhd8
21. Rxd8 Rxd8 22. Rxd8 Nxd8 23. Bd3 Nc6 24. Nb5 Nb4 25. Nxa7 Bxa2+ 26. Kc1
Nxd3+ 27. cxd3 f4 28. Kd2 Bd5 29. Nd4 fxg3 30. hxg3 h5 31. Nab5 Kf6 32. Nc7 Ke5
33. Ne2 Bc6 34. Nc3 Ne7 35. b4 Nf5 36. N7b5 Bxb5 37. Nxb5 Nxg3 38. d4+ Kd5 39.
Kd3 h4 40. Nc3+ Kd6
0-1

[Event "Nordstrand GP Langsjakk 2016, Åpent Oslomesterskap"]
[Site "Lambertseter gård"]
[Date "2016.04.15"]
[Round "2"]
[White "Kvisla, Johannes Luangtep"]
[Black "Smeby, Ole"]
[Result "1/2-1/2"]
[WhiteElo "2281"]
[BlackElo "1882"]
[PlyCount "98"]
[EventDate "2016.??.??"]

1. d4 Nf6 2. c4 c5 3. d5 b5 4. cxb5 a6 5. bxa6 Bxa6 6. Nc3 g6 7. e4 Bxf1 8.
Kxf1 d6 9. g3 Bg7 10. Kg2 O-O 11. Nf3 Nbd7 12. a4 Qa5 13. Qe2 Rfb8 14. Ra3 Nb6
15. Nd2 Nfd7 16. h4 h5 17. Nf1 Qa6 18. Qxa6 Rxa6 19. Ne3 Bxc3 20. bxc3 Rxa4 21.
Rxa4 Nxa4 22. Bd2 Rb3 23. Rc1 Ne5 24. Rc2 Nb6 25. f4 Nec4 26. Nxc4 Nxc4 27. Bc1
e6 28. dxe6 fxe6 29. Kf2 Kf7 30. Be3 Na3 31. Rc1 Rb2+ 32. Kf3 Nc4 33. Ra1 Rc2
34. Ra7+ Ke8 35. Bf2 Rxc3+ 36. Kg2 Rc2 37. Rg7 Ne3+ 38. Kf3 Ng4 39. Be1 d5 40.
exd5 exd5 41. Rxg6 Kf7 42. Rd6 d4 43. Ba5 Nf6 44. f5 Rc1 45. Kf4 Rf1+ 46. Ke5
Ng4+ 47. Ke4 Nf6+ 48. Ke5 Ng4+ 49. Ke4 Nf6+
1/2-1/2

[Event "Nordstrand GP Langsjakk 2016, Åpent Oslomesterskap"]
[Site "Lambertseter gård"]
[Date "2016.04.15"]
[Round "2"]
[White "Haug, Johannes"]
[Black "Rukovci, Shemsi"]
[Result "1-0"]
[WhiteElo "2244"]
[BlackElo "2011"]
[PlyCount "87"]
[EventDate "2016.??.??"]

1. e4 e6 2. d4 d5 3. Nd2 g6 4. Ngf3 Bg7 5. c3 Ne7 6. Bd3 b6 7. O-O O-O 8. Qe2
Bb7 9. e5 c5 10. b4 c4 11. Bc2 a6 12. a4 Ra7 13. Re1 Kh8 14. Nf1 Ng8 15. Bg5
Qe8 16. Qd2 Bc8 17. h3 Nd7 18. N1h2 f6 19. exf6 Ndxf6 20. Ne5 Ne7 21. Nhg4 Nc6
22. Nf3 Nxg4 23. hxg4 Nd8 24. Bf4 Nf7 25. g3 Qd8 26. g5 Nd6 27. Ne5 Nf7 28. Nc6
Qd7 29. Nxa7 Qxa7 30. Bd1 Qe7 31. Bg4 Nd6 32. Bxd6 Qxd6 33. f4 Kg8 34. Re3 Kf7
35. Rae1 Re8 36. Qe2 Bd7 37. Kg2 Bh8 38. f5 gxf5 39. Bh5+ Kf8 40. Bxe8 Bxe8 41.
Rxe6 Qxg3+ 42. Kxg3 f4+ 43. Kf2 Bxd4+ 44. cxd4
1-0

[Event "Nordstrand GP Langsjakk 2016, Åpent Oslomesterskap"]
[Site "Lambertseter gård"]
[Date "2016.04.15"]
[Round "2"]
[White "Solberg, Joachim"]
[Black "Afsari-Rad, Aidin"]
[Result "1-0"]
[WhiteElo "2240"]
[BlackElo "1762"]
[PlyCount "31"]
[EventDate "2016.??.??"]

1. e4 e5 2. Nf3 Nc6 3. Bc4 Bc5 4. c3 Nf6 5. d3 d5 6. exd5 Nxd5 7. O-O Bg4 8. h3
Bh5 9. Re1 Qd6 10. d4 Nb6 11. Bb3 O-O-O 12. dxc5 Qxd1 13. Bxd1 Nd7 14. Be3 h6
15. Nxe5 Bxd1 16. Nxc6
1-0

[Event "Nordstrand GP Langsjakk 2016, Åpent Oslomesterskap"]
[Site "Lambertseter gård"]
[Date "2016.04.15"]
[Round "2"]
[White "Støre, Trond"]
[Black "Tryggestad, Andreas G"]
[Result "1-0"]
[WhiteElo "1988"]
[BlackElo "2198"]
[PlyCount "105"]
[EventDate "2016.??.??"]

1. Nf3 Nf6 2. c4 g6 3. Nc3 d5 4. cxd5 Nxd5 5. Qa4+ c6 6. Qd4 Nf6 7. Qxd8+ Kxd8
8. d4 b5 9. g3 Bb7 10. Bg2 Nbd7 11. Ng5 Ke8 12. Nxb5 cxb5 13. Bxb7 Rb8 14. Bc6
e6 15. O-O Bd6 16. e4 h6 17. Nxe6 fxe6 18. e5 Rb6 19. Bxd7+ Nxd7 20. exd6 Rxd6
21. Be3 Nb6 22. Bf4 Rd5 23. Rac1 Rh7 24. Rfe1 g5 25. Bc7 Nc4 26. Rxe6+ Kd7 27.
Ra6 Kc8 28. Be5 Kb7 29. Re6 Nxb2 30. Re8 Nc4 31. Rb8+ Ka6 32. a4 Nb6 33. axb5+
Kxb5 34. Kg2 Rdd7 35. Kf3 Rhf7+ 36. Ke3 g4 37. h3 Rf3+ 38. Ke2 h5 39. hxg4 hxg4
40. Rg8 Rdf7 41. Bf4 Re7+ 42. Be3 a5 43. Rb1+ Ka6 44. Rg6 Rb7 45. d5 Rxe3+ 46.
fxe3 a4 47. Rxg4 Ka5 48. Rgb4 a3 49. Rb5+ Ka6 50. R5b3 Na4 51. Rxb7 a2 52. Kd2
Nc5 53. R7b2
1-0

[Event "Nordstrand GP Langsjakk 2016, Åpent Oslomesterskap"]
[Site "Lambertseter gård"]
[Date "2016.04.15"]
[Round "2"]
[White "Ranaldi, Lucas"]
[Black "Enersen, Eirik S"]
[Result "1-0"]
[WhiteElo "2186"]
[BlackElo "1837"]
[PlyCount "107"]
[EventDate "2016.??.??"]

1. d4 e6 2. Nf3 d5 3. c4 Nf6 4. Nc3 Be7 5. Bf4 O-O 6. e3 c6 7. Qc2 Nbd7 8. Bd3
b6 9. cxd5 cxd5 10. O-O a6 11. a4 Bb7 12. Rfc1 Rc8 13. Qe2 Ra8 14. Rc2 Nh5 15.
Rac1 Nxf4 16. exf4 g6 17. Ne5 Bd6 18. Re1 Bb4 19. Qg4 Nxe5 20. fxe5 Bc6 21. Qe2
Bxa4 22. Nxa4 Bxe1 23. Qxe1 b5 24. Nc5 Ra7 25. Rc1 Qb6 26. Ra1 Rc8 27. b4 Rca8
28. Ra5 Qc6 29. Qa1 Qb6 30. g3 Kg7 31. Kg2 Kg8 32. h4 h6 33. h5 g5 34. Qa2 Kh8
35. Bb1 Kg7 36. Qc2 Rh8 37. Qd3 Kg8 38. Qa3 Kg7 39. Qf3 Qd8 40. Bd3 Qb6 41.
Qf6+ Kg8 42. Kh2 Qc7 43. f4 gxf4 44. gxf4 Qe7 45. Rxa6 Qxf6 46. exf6 Rxa6 47.
Nxa6 Kf8 48. Nc7 Rg8 49. Be2 Rh8 50. Bxb5 Rg8 51. Be2 e5 52. b5 exd4 53. b6 d3
54. b7
1-0

[Event "Nordstrand GP Langsjakk 2016, Åpent Oslomesterskap"]
[Site "Lambertseter gård"]
[Date "2016.04.15"]
[Round "2"]
[White "Omtvedt, Per"]
[Black "Al-Tarbosh, Ward"]
[Result "1-0"]
[WhiteElo "1973"]
[BlackElo "2159"]
[PlyCount "125"]
[EventDate "2016.??.??"]

1. e4 e6 2. d4 d5 3. Nd2 Nf6 4. e5 Nfd7 5. Bd3 c5 6. c3 Nc6 7. Ne2 f6 8. exf6
Nxf6 9. O-O Bd6 10. Nf3 O-O 11. Bf4 Bxf4 12. Nxf4 cxd4 13. cxd4 Ne4 14. Ne2 Ng5
15. Nxg5 Qxg5 16. Qc1 Qxc1 17. Raxc1 Bd7 18. Bb5 a6 19. Bxc6 bxc6 20. Rc5 Rab8
21. b3 Kf7 22. Ra5 Rb6 23. Nc3 Ra8 24. f4 Ke7 25. Kf2 Kd6 26. Ke3 Rbb8 27. Rc1
Rg8 28. h4 h6 29. g3 g5 30. hxg5 hxg5 31. Kf3 gxf4 32. gxf4 Rh8 33. Rg1 Rh2 34.
Rg2 Rh1 35. Na4 Rf8 36. Rf2 Rd1 37. Ke3 Rh8 38. Nc5 Rh3+ 39. Ke2 Rxd4 40. Nxd7
Kxd7 41. Rxa6 Rhd3 42. Kf1 Rd1+ 43. Kg2 R1d2 44. Rxd2 Rxd2+ 45. Kf3 c5 46. Ke3
Rc2 47. Kd3 Rc1 48. Kd2 Rf1 49. Ke3 Re1+ 50. Kf2 Re4 51. Kf3 c4 52. bxc4 Rxc4
53. Ke3 Ke7 54. a4 Kf6 55. Ra8 Rc3+ 56. Kd4 Rf3 57. Kc5 Rxf4 58. Rf8+ Ke5 59.
Rxf4 Kxf4 60. a5 d4 61. Kxd4 e5+ 62. Kc3 e4 63. a6
1-0